000 00643nam a2200193 i 4500
001 21057
003 ES-MaACL
005 20230906152418.0
007 t|
008 021120s1890 sp ||||1| spa d
100 1 _aAlas, Leopoldo
_d1852-1901
_9226375
245 1 0 _aSu único hijo /
_cpor Clarín Leopoldo Alas.
260 _aMadrid :
_bLibrería de Fernando Fé,
_c1890 (
_fImp. de Enrique Rubiños)
300 _a436 p. ;
_c19 cm.
530 _aDisponible en formato digital.
852 _aES-MaACL
_jB-3142
856 _uhttp://bdh-rd.bne.es/viewer.vm?id=0000058866&page=1
_zBiblioteca Digital Hispánica
999 _c21057
_d21057